000 00452nam a22001337a 4500
008 160817b xxu||||| |||| 00| 0 eng d
050 _aLB2826.6.M69 W927 2000
245 _aMozambique
_bEducation and human development
_cWorld Bank Africa Regional Office
260 _aMaputo
_bUNDP
_c2000
300 _ax, 101p. ;
_c27cm.
650 _aEducation
_xFinance
_zMozambique
_925205
650 _aSchool enrollment
_zMozambique
_925206
942 _2lcc
_cMONOGRAPH
999 _c125052
_d125052